<A> note on the use of Two-step Aitken method in inapprepriate situations

Enregistré dans:
Détails bibliographiques
Auteur principal: Yamamoto, Taku
Format: Livre
Langue:anglais
Publié: Louvain Universite Catholique 1975
Tags: Ajouter un tag
Pas de tags, Soyez le premier à ajouter un tag!

MARC

LEADER 00000nam a2200000 4500
001 0222854
005 20240822101702.3
041 0 |a eng 
044 |a BE 
245 1 0 |a <A> note on the use of Two-step Aitken method in inapprepriate situations  |c Taku Yamamoto 
264 1 |a Louvain  |b Universite Catholique  |c 1975 
300 |a 24 s. 
100 1 |a Yamamoto, Taku